Animals That Start With A - Statistics

General Stats
  • This quiz has been taken 112 times
  • The average score is 11 of 16
Answer Stats
Description Animal % Correct
Crocodile relative Alligator
99%
Probably the most common insect in the world Ant
96%
Looks like a llama Alpaca
93%
Animal that eats ^ Anteater
93%
Huge constrictor snake Anaconda
88%
North American armored mammal Armadillo
87%
African burrowing animal that is first in the dictionary Aardvark
84%
Also known as a donkey Ass
79%
Seabird that has the longest wingspan in the world Albatross
78%
Gorillas, orangutans, and chimpanzees are all part of this species Ape
76%
Fish that is a common pizza topping Anchovy
75%
Horned African species with varieties such as gazelles, wildebeests, etc. Antelope
74%
Pack-hunting canid species native to Africa African wild dog
31%
Madagascar-native creature that resembles a small lemur Aye-aye
28%
Small red rodent that lives in South American jungles Agouti
15%
Second largest tortoise species in the world Aldabra giant tortoise
13%
No matching quizzes found
Score Distribution
Percent of People with Each Score
Percentile by Number Answered
Your Score History
You have not taken this quiz